Музыкальные структуры мира. Культура звука в традиционных восточных цивилизациях (Ближний Восток, Южная Азия, Дальний Восток, Юго-Восточная Азия) (Запис № 313943)

МАРК-запис
000 -Лідер
fixed length control field 00868nam a22002537a 4500
001 - Контрольний номер
control field 27594
003 - Ідентифікатор контрольного номера
control field UA-OsUOA
005 - Дата та час останнього входження (трансакції)
control field 20230921105735.0
007 - Фіксоване поле фізичного опису
fixed length control field ta
008 - Елементи даних фіксованої довжини – загальна інформація
fixed length control field 20040907b un ||||| |||| 00| 0 ukr d
020 ## - Міжнародний стандартний книжковий номер (ISBN)
Міжнародний стандартний книжковий номер (ISBN) (НП) 5-209-01166-6
040 ## - Джерело каталогізації
Агенція оригінальної каталогізації UA-OsUOA
Мова каталогізації rus
Агенція, яка здійснювала перезапис UA-OsUOA
Агенція, яка здійснювала модифікацію UA-OsUOA
041 ## - Код мови
Код мови тексту/ звукової доріжки чи окремого заголовка (П) rus
044 ## - Код країни видавця/ виробника
Код країни видавця/ виробника (П) RU
080 ## - Індекс Універсальної десяткової класифікації
Індекс Універсальної десяткової класифікації (УДК) (НП) 78.03(075)
090 ## - Локальний шифр розміщення
Класифікаційний індекс УДК 78.03(075)
Авторський знак (НП) В19
100 ## - Основне введення – ім’я особи
Ім’я особи (НП) Васильченко Е. В.
245 ## - Відомості про назву
Назва (НП) Музыкальные структуры мира. Культура звука в традиционных восточных цивилизациях (Ближний Восток, Южная Азия, Дальний Восток, Юго-Восточная Азия)
Решта назви (НП) уч. пос.
260 ## - Публікація, розповсюдження і т.п. (Вихідні дані)
Місце публікації, розповсюдження і т.п. (П) Москва
Ім’я/ наймення видавництва, розповсюджувача і т.п. (П) РУДН
Дата публікації, розповсюдження і т.п. (П) 2001
300 ## - Фізичний опис
Обсяг 408 с.
Інші фізичні характеристики (НП) Ілюстрації
650 #7 - Додаткове предметне введення – тематичний термін
Джерело заголовка чи терміна UDC
942 ## - Додаткові елементи входу (Коха)
Тип елемента Koha Книги
Source of classification or shelving scheme Universal Decimal Classification
955 ## - Код типу видання за змістом
Код типу видання за змістом (НП) інше
Фонди
Стан вилучень Стан втрат Джерело класифікації або схеми стелажів Стан уражень Не для кредиту Постійне місце розташування Поточне розміщення Дата придбання Вартість, звичайна ціна покупки Інвентарний номер Усього замовленно Повний номер виклику Штрих-код Дата останнього перегляду Ціна ефективна від Тип елемента Koha
    Universal Decimal Classification     ЧЗ - Читальна зала ЧЗ - Читальна зала 09/09/2004 7.26 70449   78.03(075) В19 70449 07/02/2022 07/09/2004 Книги
    Universal Decimal Classification     ЧЗ - Читальна зала ЧЗ - Читальна зала 07/09/2004 7.26 70466   78.03(075) В19 70466 07/02/2022 07/09/2004 Книги